| 000 | 00763nam a22001817a 4500 | ||
|---|---|---|---|
| 999 |
_c372054 _d372054 |
||
| 008 | 201127b ||||| |||| 00| 0 eng d | ||
| 040 |
_aDE-2950 _bger _cDE-2950 _erda |
||
| 041 | _ager | ||
| 245 |
_aDas alte Postgebäude im Stadtzentrum wird zur Schule. _bBildung. Die Evangelische Schulstiftung und die Eigentümer der Alten Post haben die Mietverträge für das Gymnasium, und die Oberschule unterzeichnet / _cThomas Gutke |
||
| 264 | _c2022 | ||
| 653 | _aFrankfurt (Oder) | ||
| 653 | _aEvangelisches Gymnasium | ||
| 773 |
_dFrankfurt (Oder) Märkisches Verlags- und Druckhaus GmbH & Co KG _tMärkische Oderzeitung _g33. Jahrgang (2022) Nr. 295 vom 19.12.2022, S. 13 |
||
| 942 | _cA | ||